Vague visions for Vegas (Record no. 118440)

MARC details
000 -LEADER
fixed length control field 01209cam a2200241 4500
001 - CONTROL NUMBER
control field ABS68562
008 - FIXED-LENGTH DATA ELEMENTS--GENERAL INFORMATION
fixed length control field 041214n2004 000 0 eng u
035 ## - SYSTEM CONTROL NUMBER
System control number (Sirsi) u128292
100 ## - MAIN ENTRY--PERSONAL NAME
Personal name Lane, T.
245 ## - TITLE STATEMENT
Title Vague visions for Vegas
260 ## - PUBLICATION, DISTRIBUTION, ETC.
Date of publication, distribution, etc. 2004
490 ## - SERIES STATEMENT
Series statement Building
Volume/sequential designation 269(8359) 26 November 2004 56-58(23)
520 ## - SUMMARY, ETC.
Summary, etc. Examines the prospects for the construction industry with the deregulation of gambling laws which should lead to the development of supercasinos. There is some doubt over how many casinos will be allowed under the new rules with the original figure of 40 supercasinos now reduced to around eight after initial opposition. The casinos could be very substantial at more than 5 000 square metres in an area that would perhaps have up to 1 250 slot machines paying up to £1m each. Gives the main points of the proposed Gambling Act and the proposed design for a £120m supercasino at Glasgow Rangers Ibrox Park Ground.
590 ## - LOCAL NOTE (RLIN)
Local note ABS
590 ## - LOCAL NOTE (RLIN)
Local note ABS
650 ## - SUBJECT ADDED ENTRY--TOPICAL TERM
Topical term or geographic name entry element SUPERCASINOS
650 ## - SUBJECT ADDED ENTRY--TOPICAL TERM
Topical term or geographic name entry element GAMBLING BILL
650 ## - SUBJECT ADDED ENTRY--TOPICAL TERM
Topical term or geographic name entry element GAMBLING PROPERTIES
650 ## - SUBJECT ADDED ENTRY--TOPICAL TERM
Topical term or geographic name entry element CONSTRUCTION INDUSTRY
650 ## - SUBJECT ADDED ENTRY--TOPICAL TERM
Topical term or geographic name entry element LEISURE ACTIVITIES
690 ## - LOCAL SUBJECT ADDED ENTRY--TOPICAL TERM (OCLC, RLIN)
Topical term or geographic name as entry element LEISURE AND RECREATION
942 ## - ADDED ENTRY ELEMENTS (KOHA)
Suppress in OPAC 0
Holdings
Withdrawn status Lost status Source of classification or shelving scheme Damaged status Not for loan Home library Current library Shelving location Date acquired Total Checkouts Full call number Barcode Date last seen Copy number Price effective from Koha item type
    Dewey Decimal Classification     London London Journal article 14/12/2004   ABS68562 128292-1001 06/08/2019 1 06/08/2019 Journal article